| 000 | 01000nam a2200241 i 4500 | ||
|---|---|---|---|
| 001 | bg | ||
| 245 | 0 | 0 |
_aNowoczesne metody analityczne w kontroli i monitoringu środowiska : _bstreszczenia referatów i komunikatów prezentowanych podczas II Ogólnopolskiego Seminarium Chromatograficznego, Toruń 20-21 wrzesień 1995 / _cpod red. B[ogusława] Buszewskiego ; Uniwersytet Mikołaja Kopernika. Wydział Chemii. Zakład Chemii Środowiska. |
| 260 |
_aToruń : _bUMK, _c1995. |
||
| 300 |
_a207 s. : _bfot., 1 pl., portr., rys., wykr. ; _c24 cm. |
||
| 500 | _aTekst częśc. ang. | ||
| 504 | _aBibliogr. przy ref. - Indeks. | ||
| 650 | 9 |
_aChemia analityczna _xmetody |
|
| 650 | 9 |
_aŚrodowisko człowieka _xhigiena _xbadanie _xmetody |
|
| 655 | _aMateriały konferencyjne | ||
| 700 | 1 |
_aBUSZEWSKI, Bogusław. _eRed. |
|
| 020 | _a8323106673 | ||
| 040 | _cBPK | ||
| 041 | 0 | _aplen | |
| 080 | _a504:543](061.3) | ||
| 920 | _a83-231-0667-3 | ||
| 942 | _cKS | ||
| 008 | s pl f |000 0 pol | ||
| 999 |
_c31234 _d31234 |
||
| 856 |
_uhttp://koha.tu.koszalin.pl/cgi-bin/koha/opac-detail.pl?biblionumber=31234 _yKatalog online BPK |
||